000 00835nam a2200241Ia 4500
003 OSt
005 20220923221607.0
006 a|||||r|||| 00| 0
007 ta
008 220922b |||||||| |||| 00| 0 hin d
024 _a198,385
037 _cTextual
040 _aARTS
_cARTS
_bhin
041 _2hin
_ahin
082 _aP152:2, 152N1
100 _aप्रकाश, राम
_9156278
245 0 _aमानक हिन्दी स्वरुप और संरचना व्यावहारिक हिन्दी
246 _aMānak hindī svarup aur sanrachanā vyāvahārik hindī
260 _aनई दिल्ली
_b राधाकृष्ण
_c1991
300 _a96पृ.
_ccm.
942 _hP152:2, 152N1
_cTEXL
_2CC
999 _c350231
_d350231